Disruptive technologies, climate change and shipping / (Record no. 27520)
[ view plain ]
| 000 -LEADER | |
|---|---|
| fixed length control field | 04117cam a22005658i 4500 |
| 001 - CONTROL NUMBER | |
| control field | 9781003155195 |
| 003 - CONTROL NUMBER IDENTIFIER | |
| control field | FlBoTFG |
| 005 - DATE AND TIME OF LATEST TRANSACTION | |
| control field | 20240802123906.0 |
| 006 - FIXED-LENGTH DATA ELEMENTS--ADDITIONAL MATERIAL CHARACTERISTICS | |
| fixed length control field | m o d |
| 007 - PHYSICAL DESCRIPTION FIXED FIELD--GENERAL INFORMATION | |
| fixed length control field | cr ||||||||||| |
| 008 - FIXED-LENGTH DATA ELEMENTS--GENERAL INFORMATION | |
| fixed length control field | 211101s2022 enk ob 001 0 eng |
| 020 ## - INTERNATIONAL STANDARD BOOK NUMBER | |
| International Standard Book Number | 9781003155195 |
| Qualifying information | (ebook) |
| International Standard Book Number | 1003155197 |
| Canceled/invalid ISBN | 9780367725358 |
| Qualifying information | (hardback) |
| Canceled/invalid ISBN | 9780367725372 |
| Qualifying information | (paperback) |
| International Standard Book Number | 9781000536713 |
| Qualifying information | (electronic bk. : EPUB) |
| International Standard Book Number | 1000536718 |
| Qualifying information | (electronic bk. : EPUB) |
| International Standard Book Number | 9781000536652 |
| Qualifying information | (electronic bk. : PDF) |
| International Standard Book Number | 1000536653 |
| Qualifying information | (electronic bk. : PDF) |
| 035 ## - SYSTEM CONTROL NUMBER | |
| System control number | (OCoLC)1273727175 |
| System control number | (OCoLC-P)1273727175 |
| 040 ## - CATALOGING SOURCE | |
| Original cataloging agency | OCoLC-P |
| Language of cataloging | eng |
| Description conventions | rda |
| Transcribing agency | OCoLC-P |
| 050 00 - LIBRARY OF CONGRESS CALL NUMBER | |
| Classification number | K1150 |
| 072 #7 - SUBJECT CATEGORY CODE | |
| Subject category code | LAW |
| Subject category code subdivision | 066000 |
| Source | bisacsh |
| Subject category code | LAW |
| Subject category code subdivision | 099000 |
| Source | bisacsh |
| Subject category code | SCI |
| Subject category code subdivision | 092000 |
| Source | bisacsh |
| Subject category code | LBDM |
| Source | bicssc |
| 082 00 - DEWEY DECIMAL CLASSIFICATION NUMBER | |
| Classification number | 343.09/6 |
| Edition number | 23/eng/20211105 |
| 245 00 - TITLE STATEMENT | |
| Title | Disruptive technologies, climate change and shipping / |
| Statement of responsibility, etc. | edited by Barış Soyer and Andrew Tettenborn ; consulting editor: Simon Baughen. |
| 264 #1 - PRODUCTION, PUBLICATION, DISTRIBUTION, MANUFACTURE, AND COPYRIGHT NOTICE | |
| Place of production, publication, distribution, manufacture | Abingdon, Oxon ; |
| -- | New York, NY : |
| Name of producer, publisher, distributor, manufacturer | Routledge, |
| Date of production, publication, distribution, manufacture, or copyright notice | 2022. |
| 300 ## - PHYSICAL DESCRIPTION | |
| Extent | 1 online resource. |
| 336 ## - CONTENT TYPE | |
| Content type term | text |
| Content type code | txt |
| Source | rdacontent |
| 337 ## - MEDIA TYPE | |
| Media type term | computer |
| Media type code | c |
| Source | rdamedia |
| 338 ## - CARRIER TYPE | |
| Carrier type term | online resource |
| Carrier type code | cr |
| Source | rdacarrier |
| 490 0# - SERIES STATEMENT | |
| Series statement | Maritime and transport law library |
| 505 0# - FORMATTED CONTENTS NOTE | |
| Formatted contents note | Shipping and distributed ledgers : of paper, code and progress / Andrew Tettenborn -- Blockchain and electronic bills of lading : can revolutionary technology facilitate evolutionary change / John Russell -- Distributed ledger technology and commercial insurance : the beginning of a new era? / Barış Soyer -- UNCITRAL model law on electronic transferable records : the missing link towards e-shipping? / Olivier Cachard -- Autonomous systems : cyber risks and seaworthiness / Paul Dean, Henry Clack and Astrid Ainley -- Use of unmanned aircraft systems in a maritime context : operational, regulatory and legal issues / George Leloudas and Michael Chatzipanagiotis -- The role AI and machine learning will play in Maritime and Trade Law / Julian Clark and David Owens -- Maritime intellectual property : shining a light on the protection of disruptive technologies within the shipping industry / Andrew Beale -- The human element in autonomous shipping / Zoumpoulia Amaxilati -- Shipping and climate change / Simon Baughen -- International legal aspects of arctic shipping / Youri van Logchem -- Paving the way for a (European) emission trading system for shipping : EU and IMO on different paths / Ellen Eftestøl and Emilie Yliheljo -- Liability for climate damage and shipping / Ewan McGaughey. |
| 520 ## - SUMMARY, ETC. | |
| Summary, etc. | "This book analyses the impact of two vital and contemporary developments on shipping law and practice: disruptive technologies and climate change. It considers the impact of these new technologies, honing in on likely emerging issues and unresolved questions, especially about existing and potential private law liabilities and concentrates, from the point of view of English, EU and international law, on the legal implications of climate change and associated environmental risks in the shipping sector. Written by a contributor team drawn from the most experienced and knowledgeable academics and practitioners in shipping law, this treatment of these growing areas of practice will be of great use to lawyers and administrators across the world"-- |
| Assigning source | Provided by publisher. |
| 588 ## - SOURCE OF DESCRIPTION NOTE | |
| Source of description note | OCLC-licensed vendor bibliographic record. |
| 650 #0 - SUBJECT ADDED ENTRY--TOPICAL TERM | |
| Topical term or geographic name entry element | Maritime law. |
| Topical term or geographic name entry element | Technological innovations |
| General subdivision | Law and legislation. |
| Topical term or geographic name entry element | Climatic changes |
| General subdivision | Law and legislation. |
| Topical term or geographic name entry element | Maritime law |
| General subdivision | Environmental aspects. |
| Topical term or geographic name entry element | LAW / Maritime |
| Source of heading or term | bisacsh |
| Topical term or geographic name entry element | LAW / Science & Technology |
| Source of heading or term | bisacsh |
| 700 1# - ADDED ENTRY--PERSONAL NAME | |
| Personal name | Soyer, Barış, |
| Relator term | editor. |
| Personal name | Tettenborn, Andrew, |
| Relator term | editor. |
| 856 40 - ELECTRONIC LOCATION AND ACCESS | |
| Materials specified | Taylor & Francis |
| Uniform Resource Identifier | <a href="https://www.taylorfrancis.com/books/9781003155195">https://www.taylorfrancis.com/books/9781003155195</a> |
| Materials specified | OCLC metadata license agreement |
| Uniform Resource Identifier | <a href="http://www.oclc.org/content/dam/oclc/forms/terms/vbrl-201703.pdf">http://www.oclc.org/content/dam/oclc/forms/terms/vbrl-201703.pdf</a> |
| 942 ## - ADDED ENTRY ELEMENTS (KOHA) | |
| Source of classification or shelving scheme | |
| Koha item type | E-Book |
No items available.